| 000 | 00486nam a2200205Ia 4500 | ||
|---|---|---|---|
| 008 | 210210b1964 xxu||||| |||| 00| 0 eng d | ||
| 041 | _aeng | ||
| 082 | _a311/21 | ||
| 100 | _aELHANCE (D N) | ||
| 245 | _aPractical problems in statistics Ed.6 | ||
| 260 |
_aAllahabad _bKitab mahal _c1964 |
||
| 300 | _aiii,766 | ||
| 650 | _astatistics | ||
| 650 | _aproblems | ||
| 650 | _aPractical | ||
| 650 | _ain | ||
| 650 | _aEd.6 | ||
| 690 | _aMathematical Statistics | ||
| 906 | _a001727 | ||
| 999 |
_c116628 _d116628 |
||